[Event "It (Open) Sevilla ESP"]
[Site "?"]
[Date "2006.01.24"]
[Round "5"]
[White "Campora Daniel Hugo"]
[Black "Korneev Oleg"]
[Result "1/2-1/2"]
[WhiteElo "2541"]
[BlackElo "2649"]
[PlyCount "22"]
[EventDate "2006.??.??"]
[Source "www.chesslib.no"]
[SourceDate "2004.05.04"]

1. e4 e5 2. Nf3 Nc6 3. Bb5 a6 4. Ba4 Nf6 5. O-O Nxe4 6. Re1 Nc5 7. Bxc6 dxc6 8. d4 Ne6 9. Nxe5 Be7 10. Be3 O-O 11. Nc3 f6 1/2-1/2

[Event "Thessaloniki GRE"]
[Site "?"]
[Date "1988.11.29"]
[Round "14"]
[White "Kotronias Vasilios GRE"]
[Black "Hort Vlastimil GER"]
[Result "1/2-1/2"]
[WhiteElo "2550"]
[BlackElo "2595"]
[PlyCount "93"]
[EventDate "1988.??.??"]
[Source "www.chesslib.no"]
[SourceDate "2004.05.04"]

1. e4 e5 2. Nf3 Nc6 3. Bb5 a6 4. Ba4 Nf6 5. O-O b5 6. Bb3 Nxe4 7. d4 d5 8. dxe5 Be6 9. Nbd2 Nc5 10. c3 d4 11. Bxe6 Nxe6 12. cxd4 Ncxd4 13. Ne4 Be7 14. Be3 c5 15. b4 Qd5 16. Nxc5 Nxf3+ 17. gxf3 Qc6 18. Ne4 Bxb4 19. Rc1 Qb7 20. Qd6 Qxe4 21. Qxe6+ fxe6 22. fxe4 O-O 23. Rc6 Rfe8 24. Rfc1 Bf8 25. Bc5 b4 26. Bxf8 Kxf8 27. Rb6 a5 28. Rc7 Re7 29. Rc5 g5 30. Kg2 Kg7 31. Rcc6 Kf7 32. Ra6 Rea7 33. Rab6 Re7 34. Rb5 Kg7 35. Rcb6 Raa7 36. h4 g4 37. Rc6 Reb7 38. Rcb6 Rxb6 39. Rxb6 h5 40. Rb5 Kf7 41. f3 gxf3+ 42. Kxf3 Ke7 43. Ke3 Kd7 44. Kd4 Kc6 45. Kc4 Ra8 46. Rc5+ Kb6 47. Rb5+ 1/2-1/2

[Event "Mar del Plata"]
[Site "Mar del Plata"]
[Date "1971.??.??"]
[Round "7"]
[White "Schweber, Samuel"]
[Black "Savon, Vladimir A"]
[Result "1/2-1/2"]
[WhiteElo "2435"]
[BlackElo "2570"]
[PlyCount "82"]
[EventDate "1971.03.??"]
[Source "ChessBase"]

1. e4 e5 2. Nf3 Nc6 3. Bb5 a6 4. Ba4 Nf6 5. O-O Nxe4 6. Re1 Nc5 7. Nc3 Be7 8. Nd5 e4 9. Bxc6 dxc6 10. Nxe7 Qxe7 11. d4 Nd7 12. Bg5 f6 13. Nd2 O-O 14. Rxe4 Qf7 15. Bf4 Nb6 16. Nf3 Nd5 17. Bd2 b5 18. c3 a5 19. a4 Bf5 20. Re1 Nb6 21. axb5 cxb5 22. Bf4 Nc4 23. Qc1 a4 24. Nd2 Nb6 25. Qd1 g5 26. Bg3 Nd5 27. Nf1 Rae8 28. Qf3 Qd7 29. Ne3 Be4 30. Qg4 Qxg4 31. Nxg4 Kf7 32. Ne3 Nf4 33. f3 Bb7 34. Rad1 Kg6 35. Bxf4 gxf4 36. Nc2 Bd5 37. Rxe8 Rxe8 38. Re1 Rxe1+ 39. Nxe1 Bc4 40. Kf2 Kf5 41. g4+ fxg3+ 1/2-1/2

[Event "5th Open"]
[Site "Dubai"]
[Date "2003.04.24"]
[Round "4"]
[White "Velikhanli, Firuza"]
[Black "Graf, Alexander"]
[Result "0-1"]
[WhiteElo "2305"]
[BlackElo "2630"]
[PlyCount "126"]
[EventDate "2003.04.21"]
[Source "Roberto Alvarez"]
[SourceDate "2003.05.05"]

1. e4 e5 2. Nf3 Nc6 3. Bb5 a6 4. Ba4 Nf6 5. O-O Nxe4 6. Re1 Nc5 7. Bxc6 dxc6 8. Nxe5 Be7 9. d4 Ne6 10. c3 O-O 11. Qf3 f6 12. Nd3 Re8 13. Nf4 Bd6 14. Nxe6 Bxe6 15. Be3 Bd5 16. Qh5 Bf7 17. Qf3 a5 18. Nd2 a4 19. Nf1 Bd5 20. Qg4 Qc8 21. Qxc8 Raxc8 22. Nd2 Ra8 23. f3 b6 24. a3 Kf7 25. Rac1 g5 26. c4 Be6 27. Ne4 Be7 28. d5 Bd7 29. Red1 Kg6 30. d6 Bxd6 31. Kf2 Rxe4 32. fxe4 Bg4 33. Rd2 c5 34. h3 Be6 35. Kf3 h5 36. h4 Bg4+ 37. Kf2 gxh4 38. Rxd6 cxd6 39. Bf4 Re8 40. Re1 Re6 41. Re3 Kf7 42. Ke1 Ke7 43. Kd2 Kd7 44. Kc3 Kc6 45. Kd2 Re7 46. Ke1 Be6 47. Rd3 Bxc4 48. Rxd6+ Kb7 49. Rxf6 Rxe4+ 50. Kd2 Re2+ 51. Kc3 Bd5 52. Rd6 Bxg2 53. Rd7+ Ka6 54. Rd2 Rxd2 55. Kxd2 Kb5 56. Kd3 h3 57. Bg3 Kc6 58. Ke3 Kd5 59. Kf2 Kc4 60. Bc7 b5 61. Kg3 Kb3 62. Bd6 c4 63. Bb4 Kxb2 0-1

[Event "CUB-ch"]
[Site "?"]
[Date "2000.??.??"]
[Round "?"]
[White "De la Paz Frank"]
[Black "Perez Rodney"]
[Result "1/2-1/2"]
[WhiteElo "2460"]
[BlackElo "2470"]
[PlyCount "20"]
[EventDate "2000.??.??"]
[Source "www.chesslib.no"]
[SourceDate "2004.05.04"]

1. e4 e5 2. Nf3 Nc6 3. Bb5 a6 4. Ba4 Nf6 5. O-O Nxe4 6. Re1 Nc5 7. Bxc6 dxc6 8. Nxe5 Be7 9. d4 Ne6 10. c3 O-O 1/2-1/2

[Event "URS Ch otbor56"]
[Site "Uzhgorod"]
[Date "1988.??.??"]
[Round "?"]
[White "Vitolins, Alvis"]
[Black "Mikhalchishin, Adrian B"]
[Result "0-1"]
[WhiteElo "2415"]
[BlackElo "2490"]
[PlyCount "50"]
[EventDate "1988.??.??"]
[Source "www.chesslib.no"]
[SourceDate "2004.05.04"]

1. e4 e5 2. Nf3 Nc6 3. Bb5 a6 4. Ba4 Nf6 5. O-O Nxe4 6. Re1 Nc5 7. Bxc6 dxc6 8. Nxe5 Be7 9. d4 Ne6 10. Be3 O-O 11. c4 f6 12. Nf3 f5 13. Nc3 f4 14. Bd2 Bf6 15. d5 Nc5 16. Ne5 Bxe5 17. Rxe5 Nd3 18. Re2 Bf5 19. Be1 Qf6 20. Qd2 f3 21. Re3 Ne5 22. Qd4 Rae8 23. g3 Bc8 24. Bd2 Qf5 25. Qh4 Ng6 0-1

[Event "Santos Lugares"]
[Site "Santos Lugares"]
[Date "1977.??.??"]
[Round "1"]
[White "Schweber, Samuel"]
[Black "Szmetan, Jorge"]
[Result "1/2-1/2"]
[WhiteElo "2445"]
[BlackElo "2435"]
[PlyCount "114"]
[EventDate "1977.??.??"]
[Source "ChessBase"]

1. e4 e5 2. Nf3 Nc6 3. Bb5 a6 4. Ba4 Nf6 5. O-O Nxe4 6. Re1 Nc5 7. Nc3 Be7 8. Nd5 O-O 9. Bxc6 dxc6 10. Nxe7+ Qxe7 11. Nxe5 Be6 12. b3 Nd7 13. Nxd7 Qxd7 14. d3 Bg4 15. Qd2 Rfe8 16. Bb2 f6 17. Qb4 b6 18. h3 Bh5 19. Rxe8+ Rxe8 20. Re1 Rxe1+ 21. Qxe1 Bf7 22. Qe3 c5 23. a4 Qe6 24. Qf3 Qd5 25. Qf4 Qd6 26. Qe4 Qd5 27. Qf4 Qd6 28. Bc1 b5 29. Qe4 Qd5 30. Qxd5 Bxd5 31. c4 bxc4 32. bxc4 Bc6 33. a5 Bd7 34. Kf1 Kf7 35. Ba3 Bf5 36. Ke2 h5 37. h4 c6 38. Bxc5 Ke6 39. Be3 Kd7 40. Kd2 Bh7 41. f3 Bf5 42. Kc3 Kd6 43. d4 Be6 44. Bf4+ Kd7 45. Kb4 Bf7 46. Kc5 Be6 47. g3 Bf7 48. g4 hxg4 49. fxg4 Be6 50. g5 fxg5 51. hxg5 g6 52. Be5 Bg8 53. d5 cxd5 54. cxd5 Bf7 55. Bf4 Bg8 56. Kd4 Bf7 57. Ke5 Bg8 1/2-1/2

[Event "URS Ch sf"]
[Site "Barnaul"]
[Date "1984.??.??"]
[Round "?"]
[White "Petrushin, Alexander I"]
[Black "Kharitonov, Andrei Y"]
[Result "1/2-1/2"]
[WhiteElo "2420"]
[BlackElo "2455"]
[PlyCount "47"]
[EventDate "1984.08.??"]
[Source "www.chesslib.no"]
[SourceDate "2004.05.04"]

1. e4 e5 2. Nf3 Nc6 3. Bb5 a6 4. Ba4 Nf6 5. O-O Nxe4 6. Re1 Nc5 7. Bxc6 dxc6 8. d4 Ne6 9. Nxe5 Be7 10. Be3 O-O 11. Nc3 f5 12. f4 Bf6 13. d5 Bxe5 14. fxe5 cxd5 15. Qxd5 f4 16. Bf2 Qe8 17. Rad1 Qg6 18. Bc5 Re8 19. Ba3 Rb8 20. Qd3 Qxd3 21. Rxd3 b5 22. Nd5 Bb7 23. b3 Bxd5 24. Rxd5 1/2-1/2

[Event "US-op"]
[Site "Las Vegas"]
[Date "1997.??.??"]
[Round "6"]
[White "Norman, Roger"]
[Black "Hjartarson, Johann"]
[Result "0-1"]
[WhiteElo "2260"]
[BlackElo "2595"]
[PlyCount "106"]
[EventDate "1997.04.??"]
[Source "ChessBase"]
[SourceDate "1997.07.29"]

1. e4 e5 2. Nf3 Nc6 3. Bb5 a6 4. Ba4 Nf6 5. O-O Nxe4 6. Re1 Nc5 7. Bxc6 dxc6 8. d4 Ne6 9. Nxe5 Be7 10. Be3 O-O 11. Nc3 f6 12. Nf3 Bb4 13. Qd3 Qd7 14. Qc4 a5 15. a3 Bxc3 16. Qxc3 a4 17. b3 Qf7 18. Qd3 axb3 19. Qxb3 Rd8 20. Red1 Nf8 21. Qxf7+ Kxf7 22. Bf4 Ne6 23. Bg3 Ra4 24. c3 Rd5 25. Rdb1 Rda5 26. Rb3 c5 27. h3 c6 28. Bd6 cxd4 29. Bb4 Rd5 30. c4 Rd8 31. c5 Nf4 32. Bd2 Ne6 33. Bb4 Rd5 34. Rd3 Nf4 35. Rd2 d3 36. Kh2 Bf5 37. Nh4 Bc8 38. Rc1 g5 39. Rc4 Ne2 40. Nf3 Bf5 41. g4 Bg6 42. h4 h6 43. hxg5 hxg5 44. Rd1 Kg7 45. Nd2 Ra8 46. Ne4 Rh8+ 47. Kg2 Nf4+ 48. Kg1 Rh4 49. f3 Rh3 50. Nd2 Re5 51. Rf1 Re2 52. Rf2 Rg3+ 53. Kf1 Nh3 0-1

[Event "Budapest FS10 IM-A"]
[Site "Budapest"]
[Date "2001.10.10"]
[Round "5"]
[White "Seres, Lajos"]
[Black "Nemeth, Zoltan"]
[Result "1/2-1/2"]
[WhiteElo "2474"]
[BlackElo "2372"]
[PlyCount "48"]
[EventDate "2001.10.06"]
[Source "ChessBase"]
[SourceDate "2001.10.26"]

1. e4 e5 2. Nf3 Nc6 3. Bb5 a6 4. Ba4 Nf6 5. O-O b5 6. Bb3 Nxe4 7. d4 d5 8. dxe5 Be6 9. Nbd2 Nc5 10. c3 d4 11. Bxe6 Nxe6 12. cxd4 Ncxd4 13. Nxd4 Qxd4 14. Qf3 Rd8 15. Qc6+ Qd7 16. Qxa6 Qd5 17. Qa5 Qxe5 18. Nf3 Qd5 19. Be3 Be7 20. a4 O-O 21. axb5 Rb8 22. b6 Qxa5 23. Rxa5 cxb6 24. Rb5 Bc5 1/2-1/2

[Event "DSV-Turnier"]
[Site "Potsdam"]
[Date "1985.??.??"]
[Round "3"]
[White "Tischbierek, Raj"]
[Black "Paehtz, Thomas Sr"]
[Result "1/2-1/2"]
[WhiteElo "2460"]
[BlackElo "2380"]
[PlyCount "69"]
[EventDate "1985.04.03"]
[Source "ChessBase"]

1. e4 e5 2. Nf3 Nc6 3. Bb5 a6 4. Ba4 Nf6 5. O-O b5 6. Bb3 Nxe4 7. d4 d5 8. dxe5 Be6 9. Nbd2 Nc5 10. c3 Nxb3 11. Nxb3 Be7 12. Nfd4 Qd7 13. f4 Nxd4 14. cxd4 a5 15. Be3 a4 16. Nc1 c5 17. dxc5 d4 18. Qxd4 Qxd4 19. Bxd4 O-O-O 20. Be3 f6 21. b3 fxe5 22. f5 Bf7 23. bxa4 bxa4 24. Rb1 Kc7 25. Rb4 Be8 26. g4 h6 27. Kf2 Bc6 28. Kg3 Rd5 29. Re1 Rhd8 30. h4 Bxc5 31. Rc4 Bd4 32. g5 hxg5 33. Bxg5 R8d6 34. Nd3 Bc3 35. Rxc3 1/2-1/2

[Event "Augustow"]
[Site "Augustow"]
[Date "1989.??.??"]
[Round "3"]
[White "Borkowski, Franciszek"]
[Black "Kislov, Mikhail"]
[Result "1-0"]
[WhiteElo "2420"]
[BlackElo "2415"]
[PlyCount "53"]
[EventDate "1989.??.??"]
[Source "www.chesslib.no"]
[SourceDate "2004.05.04"]

1. e4 e5 2. Nf3 Nc6 3. Bb5 a6 4. Ba4 Nf6 5. O-O Nxe4 6. Re1 Nc5 7. Bxc6 dxc6 8. Nxe5 Be7 9. d4 Ne6 10. c3 O-O 11. a4 Bg5 12. Na3 Bxc1 13. Rxc1 c5 14. d5 Nf4 15. c4 Qg5 16. g3 Re8 17. h4 Nh3+ 18. Kg2 Qf6 19. f4 Qf5 20. Qf3 Kf8 21. Nd3 b6 22. Rxe8+ Kxe8 23. Re1+ Kf8 24. Re5 Qg4 25. Qe4 Bd7 26. d6 Rc8 27. Qxh7 1-0

[Event "Bogota Lat Cup"]
[Site "Bogota COL"]
[Date "1992.??.??"]
[Round "6"]
[White "Gutierrez, Jose A"]
[Black "Milos, Gilberto"]
[Result "0-1"]
[WhiteElo "2310"]
[BlackElo "2515"]
[PlyCount "128"]
[EventDate "1992.12.??"]
[Source "www.chesslib.no"]
[SourceDate "2004.05.04"]

1. e4 e5 2. Nf3 Nc6 3. Bb5 a6 4. Ba4 Nf6 5. O-O Nxe4 6. Re1 Nc5 7. Nxe5 Nxe5 8. Rxe5+ Be7 9. Nc3 O-O 10. Bb3 Nxb3 11. axb3 c6 12. d4 d5 13. Qh5 Bd6 14. Re1 Qf6 15. Ne2 h6 16. c3 Re8 17. Bd2 Bd7 18. Ng3 Rxe1+ 19. Rxe1 a5 20. Ra1 Ra6 21. Qe2 Qg6 22. Be3 Kh7 23. Qd2 Rb6 24. Rxa5 Rxb3 25. Ra1 b5 26. Ne2 b4 27. Nf4 Bxf4 28. Bxf4 bxc3 29. bxc3 Bh3 30. Bg5 Qxg5 31. Qxg5 hxg5 32. gxh3 Rxc3 33. Ra7 f6 34. Rc7 Rxh3 35. Rxc6 Rh4 36. Rd6 Rxd4 37. Kf1 Kh6 38. h3 Kh5 39. Rd7 Kg6 40. Kg2 g4 41. hxg4 Rxg4+ 42. Kf3 Rg5 43. Kf4 Kh5 44. f3 Kh6 45. Rd6 Kh5 46. Rd8 Re5 47. Rh8+ Kg6 48. Rf8 Rg5 49. Ra8 Kf7 50. Ra1 Ke6 51. Ra6+ Ke7 52. Rb6 g6 53. Rb7+ Kd6 54. Rb6+ Kc5 55. Ra6 d4 56. Ra5+ Kb4 57. Ra6 Re5 58. Kg3 d3 59. Kf2 d2 60. Rd6 Kc3 61. Rc6+ Kd4 62. Rd6+ Rd5 63. Rxd5+ Kxd5 64. Ke2 Ke5 0-1

[Event "Solin 6th"]
[Site "?"]
[Date "1998.??.??"]
[Round "8"]
[White "Ljubicic Filip"]
[Black "Nikolac Juraj"]
[Result "0-1"]
[WhiteElo "2385"]
[BlackElo "2435"]
[PlyCount "78"]
[EventDate "1998.??.??"]
[Source "www.chesslib.no"]
[SourceDate "2004.05.04"]

1. e4 e5 2. Nf3 Nc6 3. Bb5 a6 4. Ba4 Nf6 5. O-O Nxe4 6. Re1 Nc5 7. Bxc6 dxc6 8. Nxe5 Be7 9. d4 Ne6 10. Be3 O-O 11. Nc3 Bb4 12. a3 Bxc3 13. bxc3 f6 14. Nd3 Qd6 15. Qf3 Bd7 16. Nc5 Nxc5 17. dxc5 Qd5 18. Qg3 Bf5 19. Rab1 b5 20. cxb6 cxb6 21. Rxb6 Bxc2 22. Qc7 Rac8 23. Qf4 a5 24. h3 a4 25. c4 Qd7 26. Ra6 Rfe8 27. Rc1 Ra8 28. Rb6 Bb3 29. Qf3 Re6 30. Qf5 Rae8 31. Qc5 Rd6 32. Rb7 Qxb7 33. Qxd6 Qc8 34. c5 Re5 35. Bf4 Re4 36. Rc3 Re1+ 37. Kh2 Bd5 38. Re3 Rf1 39. Bg3 Rh1+ 0-1

[Event "Wch U26"]
[Site "Sofia BUL"]
[Date "1994.??.??"]
[Round "7"]
[White "Drazic, Sinisa"]
[Black "Beikert, Guenther"]
[Result "1/2-1/2"]
[WhiteElo "2405"]
[BlackElo "2415"]
[PlyCount "135"]
[EventDate "1994.??.??"]
[Source "www.chesslib.no"]
[SourceDate "2004.05.04"]

1. e4 e5 2. Nf3 Nc6 3. Bb5 a6 4. Ba4 Nf6 5. O-O Nxe4 6. Re1 Nc5 7. Bxc6 dxc6 8. d4 Ne6 9. Nxe5 Be7 10. c3 O-O 11. h3 Qd5 12. Qb3 Rd8 13. Nf3 Qxb3 14. axb3 Kf8 15. b4 b6 16. Ne5 Bb7 17. Nc4 Rab8 18. Nba3 h5 19. Be3 Rd5 20. Re2 a5 21. bxa5 bxa5 22. Rd2 c5 23. dxc5 Rxd2 24. Nxd2 Bxc5 25. Nac4 Bxe3 26. fxe3 h4 27. Rxa5 Rd8 28. Rh5 g5 29. Rh8+ Ke7 30. Rxd8 Nxd8 31. Kf2 Ne6 32. b4 f5 33. Na5 Ba8 34. Nab3 g4 35. hxg4 fxg4 36. e4 Kf6 37. Ke3 h3 38. gxh3 gxh3 39. Nf3 Ng5 40. e5+ Kf5 41. Nbd4+ Kg4 42. Nh2+ Kg3 43. e6 Ne4 44. e7 Nf6 45. Nf1+ Kg2 46. Ke2 h2 47. Nxh2 Kxh2 48. Kd3 Kg3 49. Ne6 Ne8 50. Kd4 Kg4 51. Ke5 Kh5 52. Nf4+ Kh6 53. b5 Kg7 54. Ke6 Bf3 55. Kd7 Kf7 56. Nd3 Bg4+ 57. Kd8 Be2 58. Ne5+ Ke6 59. Nc6 Kd6 60. Nd4 Bh5 61. c4 Ng7 62. Nb3 Ne6+ 63. Kc8 Kxe7 64. c5 Be2 65. b6 Ba6+ 66. Kb8 Nxc5 67. Nxc5 cxb6 68. Nxa6 1/2-1/2

[Event "It (cat.3)"]
[Site "Volodarskij (Russia)"]
[Date "2007.06.30"]
[Round "5"]
[White "Khruschiov Alexey (MDA)"]
[Black "Sviridonov Sergei (RUS)"]
[Result "1-0"]
[WhiteElo "2453"]
[BlackElo "2358"]
[PlyCount "77"]
[EventDate "2007.??.??"]
[Source "www.chesslib.no"]
[SourceDate "2004.05.04"]

1. e4 e5 2. Nf3 Nc6 3. Bb5 a6 4. Ba4 Nf6 5. O-O Nxe4 6. Re1 Nc5 7. Nc3 Be7 8. Nd5 e4 9. Bxc6 dxc6 10. Nxe7 Qxe7 11. d4 Nd7 12. Ng5 Nf6 13. f3 h6 14. Nxe4 O-O 15. Bf4 Qd8 16. Ng3 Nd5 17. Bd2 Bd7 18. c4 Ne7 19. Bc3 Nf5 20. Ne4 b6 21. Qd3 Qh4 22. Re2 Rae8 23. g4 Nd6 24. Be1 Qh3 25. Nf2 Qh4 26. c5 Nc8 27. Qxa6 f5 28. Qc4+ Kh8 29. Nd3 Qf6 30. Ne5 fxg4 31. Rf2 Be6 32. Qc3 Bd5 33. fxg4 Qe6 34. a4 Ne7 35. cxb6 cxb6 36. Qd3 c5 37. Rxf8+ Rxf8 38. Bh4 c4 39. Qa3 1-0

[Event "Badalona Open"]
[Site "Badalona"]
[Date "1993.??.??"]
[Round "1"]
[White "Adla, Diego G"]
[Black "Fernandez Lopez, Felix"]
[Result "1-0"]
[WhiteElo "2455"]
[BlackElo "2335"]
[PlyCount "53"]
[EventDate "1993.??.??"]
[Source "www.chesslib.no"]
[SourceDate "2004.05.04"]

1. e4 e5 2. Nf3 Nc6 3. Bb5 a6 4. Ba4 b5 5. Bb3 Nf6 6. O-O Nxe4 7. d4 d5 8. dxe5 Be6 9. Nbd2 Nc5 10. c3 Nxb3 11. Nxb3 Be7 12. Nfd4 Nxd4 13. cxd4 O-O 14. Bd2 b4 15. Rc1 a5 16. Nc5 Bxc5 17. Rxc5 Qh4 18. Be3 Ra6 19. Rxc7 Bh3 20. f3 Rg6 21. Rf2 f5 22. exf6 gxf6 23. Qd2 Kh8 24. Bf4 Re8 25. Bg3 Rxg3 26. hxg3 Qxg3 27. Rc1 1-0

[Event "Karvina Open"]
[Site "Karvina"]
[Date "1992.??.??"]
[Round "9"]
[White "Vavra, Pavel"]
[Black "Korneev, Oleg"]
[Result "1/2-1/2"]
[WhiteElo "2325"]
[BlackElo "2465"]
[PlyCount "77"]
[EventDate "1992.??.??"]
[Source "www.chesslib.no"]
[SourceDate "2004.05.04"]

1. e4 e5 2. Nf3 Nc6 3. Bb5 a6 4. Ba4 Nf6 5. O-O Nxe4 6. Re1 Nc5 7. Bxc6 dxc6 8. Nxe5 Be7 9. d4 Ne6 10. Be3 O-O 11. Nc3 Bd7 12. f4 f6 13. Nxd7 Qxd7 14. d5 cxd5 15. Qxd5 Qxd5 16. Nxd5 Bd6 17. g3 f5 18. Rad1 Rad8 19. Bf2 Rde8 20. Re2 Kf7 21. Kf1 b5 22. c4 Rd8 23. c5 Nxc5 24. Nxc7 Bxc7 25. Rxd8 Rxd8 26. Bxc5 Rd1+ 27. Kg2 Bd8 28. b3 Bf6 29. h3 Rd5 30. Bf2 Bc3 31. Kf3 a5 32. Rc2 b4 33. Re2 h6 34. Bb6 g5 35. g4 Rd3+ 36. Re3 Rd2 37. Re2 Rd3+ 38. Re3 Rd2 39. Re2 1/2-1/2

[Event "It (cat.4)"]
[Site "Groningen (Netherlands)"]
[Date "2007.06.13"]
[Round "5"]
[White "Monroy Charles (FRA)"]
[Black "Van Beek Alexander (NED)"]
[Result "1-0"]
[WhiteElo "2408"]
[BlackElo "2373"]
[PlyCount "135"]
[EventDate "2007.??.??"]
[Source "www.chesslib.no"]
[SourceDate "2004.05.04"]

1. e4 e5 2. Nf3 Nc6 3. Bb5 a6 4. Ba4 Nf6 5. O-O Nxe4 6. Re1 Nc5 7. Bxc6 dxc6 8. Nxe5 Be7 9. b3 O-O 10. Bb2 Bf6 11. d3 Nd7 12. Nd2 Nxe5 13. Bxe5 Bxe5 14. Rxe5 f6 15. Re3 c5 16. Qf3 Rb8 17. Rae1 b6 18. Re7 Bb7 19. Qh5 Bd5 20. Nf1 Bf7 21. Qg4 Re8 22. Rxe8+ Bxe8 23. Ng3 Bf7 24. Nf5 Qf8 25. Qg3 Bg6 26. Ne7+ Kh8 27. Nxg6+ hxg6 28. Qxg6 Kg8 29. Re6 a5 30. a4 Rd8 31. h3 Qf7 32. Qe4 Kf8 33. h4 Qh5 34. Qc6 Qd1+ 35. Kh2 Qxc2 36. Qxc7 Qxd3 37. Rxb6 Qd4 38. Qg3 c4 39. Rb7 Rd7 40. Rb8+ Kf7 41. h5 cxb3 42. Qg6+ Ke6 43. Qe8+ Kd6 44. Rxb3 Qf4+ 45. Rg3 Kc7 46. Qe3 Qxe3 47. Rxe3 Rd4 48. Kh3 Kd6 49. Rg3 Rxa4 50. Rxg7 Ra1 51. Ra7 Rh1+ 52. Kg4 f5+ 53. Kxf5 Rxh5+ 54. Kf4 Kc6 55. g4 Rb5 56. g5 Kd6 57. Kg4 Ke6 58. f4 Rb8 59. Ra6+ Kf7 60. Rxa5 Kg7 61. Kf5 Rb7 62. Ra4 Rb5+ 63. Kg4 Rb7 64. f5 Rc7 65. Kh5 Rb7 66. f6+ Kf7 67. Re4 Ra7 68. Kh6 1-0

[Event "Antalya"]
[Site "Antalya"]
[Date "2001.04.07"]
[Round "10"]
[White "Atakisi, Umut"]
[Black "Skembris, Spyridon"]
[Result "0-1"]
[WhiteElo "2337"]
[BlackElo "2440"]
[PlyCount "116"]
[EventDate "2001.04.02"]
[Source "ChessBase"]
[SourceDate "2001.05.06"]

1. e4 e5 2. Nf3 Nc6 3. Bb5 a6 4. Ba4 Nf6 5. O-O Nxe4 6. Re1 Nc5 7. Bxc6 dxc6 8. Nxe5 Be7 9. d4 Ne6 10. Be3 O-O 11. Nc3 f6 12. Nf3 Bb4 13. Qd3 Rf7 14. Rad1 Nf8 15. Qc4 Bxc3 16. Qxc3 Bg4 17. Bc1 Qd5 18. Qb3 Bxf3 19. gxf3 Qxb3 20. axb3 Rd8 21. b4 Rfd7 22. c3 Ng6 23. Kg2 Kf7 24. Kg3 Rd5 25. Re2 a5 26. bxa5 Rxa5 27. Rde1 c5 28. dxc5 Rxc5 29. Be3 Rcd5 30. Ra1 R8d7 31. Ree1 Ne7 32. Ra4 Nf5+ 33. Kg2 h5 34. Rb4 b6 35. Ra4 g5 36. Kf1 Nh4 37. Ke2 Rf5 38. Ra8 Nxf3 39. Rea1 Nxh2 40. Rh1 Ng4 41. Rxh5 Kg6 42. Rhh8 Rb5 43. b4 Re5 44. Rhe8 Rde7 45. Rxe7 Rxe7 46. Kf3 Nxe3 47. fxe3 Re6 48. Ke2 f5 49. Kd3 Re7 50. c4 g4 51. c5 bxc5 52. bxc5 c6 53. Rg8+ Kf7 54. Rc8 Re6 55. Rc7+ Kf6 56. Kd4 g3 57. Rc8 g2 58. Rg8 Re4+ 0-1

[Event "National Open"]
[Site "Las Vegas, NV USA"]
[Date "1995.??.??"]
[Round "3"]
[White "Kerman, David J"]
[Black "Sagalchik, Gennadij"]
[Result "1/2-1/2"]
[WhiteElo "2240"]
[BlackElo "2530"]
[PlyCount "161"]
[EventDate "1995.??.??"]
[Source "www.chesslib.no"]
[SourceDate "2004.05.04"]

1. e4 e5 2. Nf3 Nc6 3. Bb5 a6 4. Ba4 Nf6 5. O-O Nxe4 6. Re1 Nc5 7. Bxc6 dxc6 8. Nxe5 Be7 9. d4 Ne6 10. Be3 O-O 11. Nc3 f6 12. Nf3 f5 13. d5 cxd5 14. Qxd5 Qxd5 15. Nxd5 Bd6 16. Rad1 b5 17. Nb6 Rb8 18. Nxc8 Rbxc8 19. Nd4 Rce8 20. f3 Nxd4 21. Bxd4 Rxe1+ 22. Rxe1 Rd8 23. Be5 Bb4 24. c3 Bf8 25. Kf1 c6 26. Bf4 Kf7 27. Re2 Rd1+ 28. Re1 Rd5 29. Ke2 c5 30. Rd1 Ke6 31. Rxd5 Kxd5 32. Bb8 Be7 33. Ke3 Bg5+ 34. Kd3 c4+ 35. Kc2 Be3 36. b3 h5 37. Bg3 g6 38. Be1 Bf4 39. Bg3 Be3 40. Be1 Bg1 41. Bg3 Bb6 42. Bf4 Bd8 43. Be3 Bf6 44. Bf4 g5 45. Bb8 g4 46. b4 Bg5 47. Kd1 Kc6 48. Be5 Kb6 49. Bd4+ Kc6 50. Ke2 Bf4 51. h3 gxh3 52. gxh3 Bd6 53. Bf6 Kd5 54. Bg7 Bf4 55. Bh8 Bh6 56. Bf6 Ke6 57. Bd4 Kf7 58. Be5 Kg6 59. f4 Kf7 60. Ke3 Ke6 61. Kf3 Bf8 62. Ke3 Kd5 63. Bf6 Bd6 64. Bg7 Bc7 65. Bd4 a5 66. a3 Bd8 67. Kf3 a4 68. Ke3 Be7 69. Bg7 Bh4 70. Be5 Bg3 71. Bg7 Bh2 72. Bh8 Bg1+ 73. Kf3 Bb6 74. Bg7 Bc7 75. Bh8 Ke6 76. Bd4 Kd5 77. Bg7 Bd6 78. Ke3 Bb8 79. Bd4 Bc7 80. Kf3 Bd6 81. Bg7 1/2-1/2

[Event "URS Spartakiad"]
[Site "URS"]
[Date "1979.??.??"]
[Round "?"]
[White "Vitolinsh, Alvis"]
[Black "Hermlin, Aarne"]
[Result "1-0"]
[WhiteElo "2430"]
[BlackElo "2330"]
[PlyCount "125"]
[EventDate "1979.??.??"]
[Source "ChessBase"]

1. e4 e5 2. Nf3 Nc6 3. Bb5 a6 4. Ba4 Nf6 5. O-O Nxe4 6. Re1 Nc5 7. Bxc6 dxc6 8. Nxe5 Be7 9. d4 Ne6 10. Be3 O-O 11. c4 f6 12. Nf3 f5 13. Nc3 f4 14. Bc1 Ng5 15. Ne5 f3 16. Bxg5 Bxg5 17. g3 Bf6 18. Qd3 Bxe5 19. Rxe5 Qd7 20. d5 Qh3 21. Qf1 Qg4 22. Rae1 Bf5 23. R1e3 Rad8 24. b3 Rd6 25. Ne4 Rh6 26. Nd2 Bc2 27. Re8 Rhf6 28. Rxf8+ Rxf8 29. dxc6 bxc6 30. h3 Qh5 31. g4 Qa5 32. Nxf3 Qxa2 33. Nd4 Qb2 34. Nxc2 Qxc2 35. Qe2 Qb1+ 36. Kg2 h6 37. Qd3 Qb2 38. Re2 Qf6 39. Qe4 Kh8 40. Rd2 c5 41. Qe3 Qg6 42. Qe5 Re8 43. Qxc7 Qe4+ 44. Kh2 Qf3 45. Qg3 Qe4 46. Rd5 Rf8 47. Qe3 Qxe3 48. fxe3 Rb8 49. Rd3 Kg8 50. Kg3 Kf7 51. Kf4 Ke6 52. h4 g6 53. Rd5 Rxb3 54. Rxc5 Rc3 55. Rc6+ Kf7 56. h5 gxh5 57. gxh5 a5 58. Ke4 Rc1 59. Kd5 Kg7 60. Rg6+ Kh7 61. Ra6 Rh1 62. Ra7+ Kg8 63. c5 1-0

[Event "Fuerteventura"]
[Site "Fuerteventura"]
[Date "1992.??.??"]
[Round "?"]
[White "Trujillo, Ivan"]
[Black "Garcia Padron, Jose"]
[Result "0-1"]
[WhiteElo "2325"]
[BlackElo "2435"]
[PlyCount "72"]
[EventDate "1992.10.??"]
[Source "www.chesslib.no"]
[SourceDate "2004.05.04"]

1. e4 e5 2. Nf3 Nc6 3. Bb5 a6 4. Ba4 Nf6 5. O-O Nxe4 6. Re1 Nc5 7. Bxc6 dxc6 8. Nxe5 Be7 9. d4 Ne6 10. c3 O-O 11. Nd2 c5 12. dxc5 Nxc5 13. Qh5 g6 14. Qe2 Bf6 15. Ndf3 Bg7 16. Bf4 Qe8 17. Qd2 Ne6 18. Bh6 Qd8 19. Qe3 Bxh6 20. Qxh6 Qf6 21. Ng4 Qg7 22. Qh4 a5 23. Nf6+ Kh8 24. Re5 Ra6 25. Ng4 Rb6 26. b3 a4 27. bxa4 Rc6 28. Rae1 Rc4 29. Nd4 Nxd4 30. cxd4 Rxd4 31. Re8 g5 32. Rxf8+ Qxf8 33. Qxg5 Rxg4 34. Qf6+ Kg8 35. Rd1 Rg6 36. Qd8 Bg4 0-1

[Event "Cairo op"]
[Site "Cairo"]
[Date "1998.??.??"]
[Round "7"]
[White "Mohamed, Esam Ahmed Nagib"]
[Black "Najjar, Ahmad"]
[Result "1-0"]
[WhiteElo "2485"]
[BlackElo "2265"]
[PlyCount "122"]
[EventDate "1998.??.??"]
[Source "www.chesslib.no"]
[SourceDate "2004.05.04"]

1. e4 e5 2. Nf3 Nc6 3. Bb5 a6 4. Ba4 Nf6 5. O-O Nxe4 6. Re1 Nc5 7. Nc3 Nxa4 8. Nxe5 Be7 9. Nd5 O-O 10. Nxc6 dxc6 11. Nxe7+ Kh8 12. Qh5 Be6 13. Rxe6 fxe6 14. Ng6+ Kg8 15. Nxf8 Qxf8 16. Qg4 Nb6 17. Qxe6+ Kh8 18. Qe1 Re8 19. Qf1 Nd5 20. c3 Qf5 21. d3 Nf6 22. Be3 h5 23. h3 Re6 24. Re1 Rd6 25. d4 Nd5 26. Bd2 Rg6 27. Qe2 Kh7 28. Qe4 Qf7 29. c4 Nf6 30. Qe6 Qf8 31. Re5 Qd6 32. Qxd6 cxd6 33. Re7 b5 34. Ra7 Ne4 35. Be3 bxc4 36. Rxa6 d5 37. a4 Re6 38. a5 c3 39. bxc3 Nxc3 40. Rb6 Nb5 41. a6 Kg6 42. Bf4 Kf5 43. Be5 g5 44. Kf1 Ke4 45. Bb8 Kxd4 46. a7 Nxa7 47. Bxa7 Kc3 48. Ra6 d4 49. Ra4 Rd6 50. Ke2 Rd5 51. Ra3+ Kc2 52. Ra2+ Kc3 53. Kd1 c5 54. Rc2+ Kb4 55. Kd2 d3 56. Rxc5 Rxc5 57. Bxc5+ Kxc5 58. Kxd3 Kd5 59. Ke3 Ke5 60. g3 Kf5 61. Kd4 h4 1-0